The Flags of the US Cities - Statistics

General Stats
  • This quiz has been taken 51 times
  • The average score is 13 of 16
Answer Stats
Picture Answer % Correct
Chicago
97%
Los Angeles
97%
Austin
90%
Fort Worth
90%
Jacksonville
90%
New York City
90%
San Diego
90%
Houston
86%
Philadelphia
86%
Dallas
83%
Charlotte
79%
San Jose
79%
Columbus
72%
San Antonio
72%
Phoenix
69%
Indianapolis
55%
No matching quizzes found
Score Distribution
Percent of People with Each Score
Percentile by Number Answered
Your Score History
You have not taken this quiz